[Event "Mechanics' Spring TNM; G/2"]
[Site "San Francisco"]
[Date "2015.03.17"]
[Round "1.28"]
[White "Campers, Willie"]
[Black "Eastham, Asher"]
[Result "1-0"]
[WhiteElo "1727"]
[BlackElo "1289"]
[PlyCount "65"]
[EventDate "2015.??.??"]

1. e4 e5 2. f4 exf4 3. Bc4 d6 4. Nf3 Nf6 5. Nc3 Be6 6. Bxe6 fxe6 7. d4 Be7 8.
Bxf4 O-O 9. Bg3 Nc6 10. O-O Nh5 11. Bf2 Nf4 12. Ne2 d5 13. e5 Rc8 14. Nxf4 Rxf4
15. Be3 Rf8 16. c3 Na5 17. b3 b6 18. Qe2 c5 19. Nd2 Qc7 20. Qg4 Qd7 21. Bh6
Rxf1+ 22. Nxf1 g6 23. Ng3 Bf8 24. Nh5 Kh8 25. Nf6 Qe7 26. Bxf8 Rxf8 27. Rf1 Nc6
28. Rf3 Nb8 29. Rh3 Rf7 30. Qxg6 Rxf6 31. exf6 Qc7 32. f7 Qe7 33. Rxh7# 1-0

[Event "Mechanics' Spring TNM; G/2"]
[Site "San Francisco"]
[Date "2015.04.28"]
[Round "7.26"]
[White "Campers, Willie"]
[Black "Kondakov, Adrian"]
[Result "1-0"]
[WhiteElo "1727"]
[BlackElo "1251"]
[PlyCount "103"]
[EventDate "2015.??.??"]

1. e4 e6 2. d4 d5 3. e5 c5 4. c3 Nc6 5. Nf3 Qb6 6. Be2 cxd4 7. cxd4 Bd7 8. O-O
f6 9. Nc3 a6 10. a3 fxe5 11. dxe5 Bc5 12. Na4 Qa7 13. Nxc5 Qxc5 14. Be3 Qa5 15.
b4 Qd8 16. Bc5 Nge7 17. Bd3 h6 18. Qe2 O-O 19. Nh4 Be8 20. Rae1 Kh8 21. Qg4 Qd7
22. f4 Bf7 23. f5 Rg8 24. Qf4 exf5 25. Nxf5 Ng6 26. Qg3 Be8 27. Nd6 Ngxe5 28.
Rxe5 Nxe5 29. Qxe5 Qc6 30. Qf5 g6 31. Qf6+ Kh7 32. Bd4 Qd7 33. Re1 Rg7 34. Nxe8
Rxe8 35. Rxe8 Qc7 36. Qxg7+ Qxg7 37. Bxg7 Kxg7 38. Re7+ Kf6 39. Rxb7 Ke5 40.
Kf2 g5 41. Rb6 a5 42. bxa5 Kd4 43. Ke2 Kc5 44. Rb1 d4 45. a6 Kd5 46. a7 Ke5 47.
a8=Q h5 48. Qe4+ Kd6 49. Rb6+ Kd7 50. Qh7+ Kc8 51. Rg6 Kd8 52. Rg8# 1-0

[Event "Mechanics' Winter TNM; 30/90, SD/30"]
[Site "San Francisco"]
[Date "2015.01.27"]
[Round "4.15"]
[White "Campers, Willie"]
[Black "Sarafian, Greg"]
[Result "1-0"]
[WhiteElo "1742"]
[BlackElo "1894"]
[PlyCount "97"]
[EventDate "2015.??.??"]

1. e4 e5 2. Nf3 Nc6 3. Bb5 a6 4. Ba4 Nf6 5. d3 Be7 6. c3 b5 7. Bb3 O-O 8. O-O
d5 9. Qe2 Bg4 10. Nbd2 Na5 11. Bc2 Bd6 12. Rd1 c6 13. b3 Re8 14. Nf1 h6 15. Ne3
Bh5 16. h3 Bxf3 17. Qxf3 Bf8 18. Nf5 Kh7 19. Be3 g6 20. Ng3 Bg7 21. Bc5 Nb7 22.
Be3 c5 23. exd5 Qxd5 24. Ne4 Kh8 25. c4 Qc6 26. cxb5 axb5 27. a4 b4 28. Rac1
Re7 29. Bb1 Nxe4 30. dxe4 Rc7 31. Rd5 Qe6 32. Bd3 Rac8 33. Bc4 Qe7 34. Ba6 Rb8
35. Bxb7 Rbxb7 36. Rdxc5 Rd7 37. Qe2 f5 38. Qc4 f4 39. Rc8+ Rd8 40. Rxd8+ Qxd8
41. Qc8 Rd7 42. Qxd8+ Rxd8 43. Bb6 Rd3 44. Rb1 f3 45. gxf3 Rxf3 46. Kg2 Rc3 47.
a5 Rc2 48. a6 Ra2 49. a7 1-0

[Event "Mechanics' Winter TNM; 30/90, SD/30"]
[Site "San Francisco"]
[Date "2015.02.17"]
[Round "7.5"]
[White "Campers, Willie"]
[Black "Shaknazarov, Oleg"]
[Result "0-1"]
[WhiteElo "1742"]
[BlackElo "2140"]
[PlyCount "96"]
[EventDate "2015.??.??"]

1. e4 e5 2. Nf3 Nc6 3. Bb5 a6 4. Ba4 Nf6 5. d3 b5 6. Bb3 Be7 7. c3 d6 8. h3 O-O
9. O-O Na5 10. Bc2 c5 11. b3 Qc7 12. Bb2 Bb7 13. Re1 Rac8 14. Nbd2 Nc6 15. Nf1
b4 16. c4 Nd4 17. Nxd4 cxd4 18. Rc1 Nd7 19. Ng3 g6 20. Qd2 a5 21. Bd1 Qd8 22.
Rc2 Bg5 23. Qe2 Nc5 24. Bc1 f6 25. Bxg5 fxg5 26. Qf1 Rc7 27. Bg4 h5 28. Bf3 Bc8
29. Rd1 h4 30. Nh1 Bxh3 31. Qe2 Rcf7 32. Bg4 Bxg4 33. Qxg4 Rf4 34. Qe2 g4 35.
g3 Rf3 36. Rcd2 Qg5 37. Kg2 Ne6 38. Qe1 Qh5 39. Qg1 hxg3 40. Kf1 Qh3+ 41. Qg2
Kg7 42. Kg1 Qxg2+ 43. Kxg2 Nf4+ 44. Kg1 g2 45. Ng3 Rh8 46. Re1 Rxg3 47. fxg3
Rh1+ 48. Kf2 Rxe1 0-1

[Event "Mechanics' Spring TNM; G/2"]
[Site "San Francisco"]
[Date "2015.04.21"]
[Round "6.27"]
[White "Campers, Willie"]
[Black "Stuetzel, Ezra"]
[Result "0-1"]
[WhiteElo "1727"]
[BlackElo "1549"]
[PlyCount "102"]
[EventDate "2015.??.??"]

1. e4 d5 2. exd5 Nf6 3. d4 Nxd5 4. c4 Nf6 5. Nf3 g6 6. Nc3 Bg7 7. h3 O-O 8. Be3
a6 9. Qd2 Nbd7 10. Bh6 c5 11. Bxg7 Kxg7 12. d5 Qc7 13. O-O-O Rb8 14. Bd3 Rd8
15. Qe2 Nf8 16. Kb1 e6 17. dxe6 Nxe6 18. g3 Bd7 19. Nd5 Nxd5 20. cxd5 Nf8 21.
Bc2 Re8 22. Qd2 b5 23. Ng5 h6 24. Ne4 Bf5 25. Qc3+ Qe5 26. Qxe5+ Rxe5 27. Nxc5
Bxc2+ 28. Kxc2 Rc8 29. b4 Nd7 30. f4 Ree8 31. Rd3 Nxc5 32. bxc5 Rxc5+ 33. Kb3
Rd8 34. d6 Rd7 35. Rhd1 Kf6 36. g4 Rc6 37. h4 Rc4 38. Rd4 Rxd4 39. Rxd4 Ke6 40.
Kb4 Rxd6 41. Re4+ Kd5 42. Re2 Rf6 43. Rf2 Ke4 44. g5 hxg5 45. hxg5 Rxf4 46.
Rxf4+ Kxf4 47. Ka5 Kxg5 48. Kxa6 f5 49. Kxb5 f4 50. a4 f3 51. a5 f2 0-1

[Event "Mechanics' Winter TNM; 30/90, SD/30"]
[Site "San Francisco"]
[Date "2015.01.20"]
[Round "3.9"]
[White "Campers, Willie"]
[Black "Vickers, Keith"]
[Result "1/2-1/2"]
[WhiteElo "1742"]
[BlackElo "2200"]
[PlyCount "112"]
[EventDate "2015.??.??"]

1. e4 d5 2. exd5 Qxd5 3. Nc3 Qa5 4. Nf3 Nf6 5. d3 c6 6. Be2 Bg4 7. O-O Nbd7 8.
h3 Bh5 9. Bf4 e6 10. a3 Be7 11. Re1 O-O 12. Nd4 Bg6 13. Nb3 Qd8 14. Bf3 Nd5 15.
Nxd5 cxd5 16. d4 Rc8 17. c3 Re8 18. Be2 a6 19. g3 Nf6 20. Nd2 Qb6 21. Ra2 Red8
22. h4 h6 23. Nf1 Ne8 24. Bd3 Bxd3 25. Qxd3 Qb3 26. Qb1 Nd6 27. Nd2 Qb5 28. Re3
Nc4 29. Nxc4 dxc4 30. Qc2 Rd5 31. Re2 Bf6 32. Ra1 Rf5 33. Rae1 Rd8 34. Re4 Rfd5
35. Qe2 Qc6 36. Kh2 b5 37. Qg4 Kf8 38. Qe2 a5 39. Qf3 Be7 40. Kg2 Qd7 41. Be5
Bd6 42. Bxd6+ Rxd6 43. Re5 Kg8 44. Qe4 Rd5 45. f4 Rxe5 46. Qxe5 Qd5+ 47. Kf2
Qxe5 48. Rxe5 Rd5 49. Ke3 a4 50. Ke4 f5+ 51. Ke3 Kf7 52. Kf3 h5 53. Ke3 Kf6 54.
Kf3 Ke7 55. Ke3 Kd6 56. Kf3 g6 1/2-1/2

[Event "Mechanics' Summer TNM; G/2"]
[Site "San Francisco"]
[Date "2015.06.16"]
[Round "4.23"]
[White "Campers Jr, Willie"]
[Black "Aquino, Pat"]
[Result "0-1"]
[WhiteElo "1806"]
[BlackElo "1514"]
[PlyCount "70"]
[EventDate "2015.??.??"]

1. e4 d5 2. exd5 Qxd5 3. Nc3 Qa5 4. Nf3 Nf6 5. d4 Nc6 6. Be2 Bg4 7. O-O e6 8.
h3 Bxf3 9. Bxf3 Rd8 10. Be3 Bb4 11. Bxc6+ bxc6 12. Qf3 Nd5 13. Nxd5 Qxd5 14.
Qg3 O-O 15. Bh6 Qxd4 16. c3 Bd6 17. cxd4 Bxg3 18. fxg3 gxh6 19. Rf4 Rd7 20. Rc1
Rd6 21. Kf2 Rfd8 22. Ke3 h5 23. Rc5 f5 24. a4 Rb8 25. Rf2 Rb3+ 26. Rc3 Rb4 27.
Rfc2 Rxa4 28. Rxc6 Raxd4 29. Rxc7 Rd3+ 30. Kf4 Rd7 31. Ke5 Kf7 32. g4 hxg4 33.
hxg4 R3d5+ 34. Kf4 Rd4+ 35. Ke5 Re4# 0-1

[Event "Mechanics' Fall TNM; G/2"]
[Site "San Francisco"]
[Date "2015.11.10"]
[Round "4.24"]
[White "Campers Jr, Willie"]
[Black "Eastham, Asher Dan"]
[Result "1-0"]
[WhiteElo "1760"]
[BlackElo "1462"]
[PlyCount "50"]
[EventDate "2015.??.??"]

1. e4 e5 2. Nf3 Nc6 3. Bb5 a6 4. Ba4 Nf6 5. d3 Be7 6. c3 b5 7. Bb3 O-O 8. O-O
d6 9. h3 Na5 10. Bc2 c5 11. Qe2 h6 12. Re1 Be6 13. Nbd2 Rc8 14. Nf1 Nh5 15.
Nxe5 dxe5 16. Qxh5 Nc6 17. Ng3 Bg5 18. Bxg5 Qxg5 19. Qxg5 hxg5 20. Nh5 f6 21.
Ng3 g6 22. Ne2 Rfd8 23. a3 a5 24. f3 a4 25. Kf2 Rd7 {Score unreadable, eventual
} 1-0

[Event "Mechanics' Leighton Allen TNM; G/2"]
[Site "San Francisco"]
[Date "2015.08.10"]
[Round "2.24"]
[White "Campers Jr, Willie"]
[Black "James, Charles"]
[Result "1-0"]
[WhiteElo "1760"]
[BlackElo "1464"]
[PlyCount "50"]
[EventDate "2015.??.??"]

1. e4 e6 2. d4 d5 3. e5 c5 4. c3 Nc6 5. Nf3 Bd7 6. Be2 Qb6 7. O-O cxd4 8. cxd4
Nge7 9. Nc3 Nf5 10. Na4 Qc7 11. g4 Nh6 12. Bxh6 gxh6 13. Rc1 Rg8 14. h3 Be7 15.
a3 f5 16. exf6 Bxf6 17. Nc5 O-O-O 18. b4 Qf4 19. Nd3 Qe4 20. b5 h5 21. bxc6
Bxc6 22. Nde5 hxg4 23. hxg4 Rxg4+ 24. Nxg4 Qxg4+ 25. Kh1 Qh4+ 1-0

[Event "Mechanics' Summer TNM; G/2"]
[Site "San Francisco"]
[Date "2015.06.02"]
[Round "2.25"]
[White "Campers Jr, Willie"]
[Black "Mathrubootham, Ganesh"]
[Result "1-0"]
[WhiteElo "1806"]
[BlackElo "1141"]
[PlyCount "35"]
[EventDate "2015.??.??"]

1. e4 e6 2. d4 d5 3. e5 c5 4. c3 Nc6 5. Nf3 Qb6 6. Be2 f6 7. O-O Bd7 8. a3 cxd4
9. cxd4 fxe5 10. dxe5 Nge7 11. b4 Ng6 12. Nc3 Ngxe5 $2 13. Nxe5 Nxe5 14. Be3
Qd8 15. Bd4 Nc6 $2 16. Bh5+ Ke7 17. Bc5+ Kf6 18. Qf3+ 1-0

[Event "Mechanics' Fall TNM; G/2"]
[Site "San Francisco"]
[Date "2015.12.15"]
[Round "9.20"]
[White "Campers Jr, Willie"]
[Black "Quang, Danny Kt"]
[Result "0-1"]
[WhiteElo "1760"]
[BlackElo "1596"]
[PlyCount "82"]
[EventDate "2015.??.??"]

1. e4 d5 2. exd5 Qxd5 3. Nc3 Qa5 4. d4 Nf6 5. Nf3 c6 6. Bc4 e6 7. O-O Bd6 8. a3
O-O 9. Bg5 Nbd7 10. b4 Qc7 11. Re1 b6 12. b5 cxb5 13. Nxb5 Bxh2+ 14. Nxh2 Qxc4
15. Nd6 Qd5 16. Nxc8 Raxc8 17. Nf3 Rc4 18. Qd3 Rfc8 19. Rac1 b5 20. c3 Qf5 21.
Qxf5 exf5 22. Re3 Ne4 23. Be7 Rxc3 24. Rcxc3 Rxc3 25. Rxc3 Nxc3 26. Kf1 f6 27.
Ke1 Kf7 28. Bb4 Nd5 29. Bd2 N7b6 30. Kd1 Ke6 31. Kc2 Nc4 32. Bc1 a5 33. g3 g5
34. Ne1 h5 35. Ng2 Nd6 36. f3 g4 37. fxg4 fxg4 38. Nf4+ Nxf4 39. Bxf4 Nc4 40.
Bc1 Kf5 41. Kd3 Nd6 {
and Black went on to win. The remaining moves are not available.} 0-1

[Event "Mechanics' Summer TNM; G/2"]
[Site "San Francisco"]
[Date "2015.07.07"]
[Round "7.24"]
[White "Campers Jr, Willie"]
[Black "Rakonitz, David"]
[Result "1-0"]
[WhiteElo "1806"]
[BlackElo "1613"]
[PlyCount "127"]
[EventDate "2015.??.??"]

1. e4 e6 2. d4 d5 3. e5 c5 4. c3 Qb6 5. Nf3 Nc6 6. Be2 Bd7 7. O-O f6 8. Nh4
cxd4 9. Bd3 O-O-O 10. cxd4 Qxd4 11. Nf3 Qb6 12. Nc3 fxe5 13. Ng5 Nh6 14. a3 e4
15. Be2 Be7 16. Nh3 Rdf8 17. Na4 Qc7 18. Be3 Nf5 19. Bc5 Bd6 20. g3 Kb8 21. Rc1
Bxc5 22. Nxc5 Qd6 23. Qb3 Bc8 24. Nf4 Nfd4 25. Qc3 Rxf4 26. Bd1 Rf7 27. b4 Nb5
28. Qb2 Qe5 29. Qb3 Rc7 30. a4 Nbd4 31. Qb1 b6 32. b5 Na5 33. Na6+ Bxa6 34.
bxa6 Rxc1 35. Qxc1 Rc8 36. Qa3 Qc7 37. Bg4 Qc5 38. Qa1 Qc3 39. Qd1 Nf3+ 40. Kg2
Re8 41. Bxe6 Rxe6 42. Qxd5 Qc6 43. Qd8+ Qc8 44. Qd5 Rc6 45. Qxe4 Rc3 46. Qxh7
Qxa6 47. Rd1 Qb7 48. Rd8+ Rc8 49. Rxc8+ Kxc8 50. Qg8+ Kc7 51. Qxg7+ Kb8 52.
Qxb7+ Nxb7 53. Kxf3 Nc5 54. h4 Nd7 55. Kf4 Kc7 56. Kf5 Kd6 57. h5 Ke7 58. g4
Kf7 59. g5 Kg7 60. Ke6 Nc5+ 61. Ke7 Nxa4 62. f4 Nc5 63. f5 Ne4 64. f6+ 1-0

[Event "Mechanics' Leighton Allen TNM; G/2"]
[Site "San Francisco"]
[Date "2015.08.25"]
[Round "4.16"]
[White "Campers Jr, Willie"]
[Black "Yamamoto, Craig"]
[Result "0-1"]
[WhiteElo "1760"]
[BlackElo "1535"]
[PlyCount "52"]
[EventDate "2015.??.??"]

1. e4 c5 2. Nf3 d6 3. d4 cxd4 4. Nxd4 Nf6 5. Nc3 a6 6. Be2 g6 7. Be3 Bg7 8. f3
Nc6 9. Nb3 Be6 10. Qd2 Ne5 11. Bh6 O-O 12. Bxg7 Kxg7 13. Nd4 Bd7 14. O-O-O Rc8
15. h4 h5 16. g4 Rh8 17. gxh5 Nxh5 18. Rdg1 Qa5 19. Nb3 Qb4 20. f4 Nc6 21. f5
Ne5 22. fxg6 fxg6 23. Qg5 Kf7 24. Nd5 Qxe4 25. Qxe7+ Kg8 26. Bxh5 Qxc2# 0-1

[Event "Mechanics' Fall TNM; G/2"]
[Site "San Francisco"]
[Date "2015.12.08"]
[Round "8.20"]
[White "Casares Jr, Nick"]
[Black "Alzhin, Leonid"]
[Result "0-1"]
[WhiteElo "1600"]
[BlackElo "1763"]
[PlyCount "62"]
[EventDate "2015.??.??"]

1. e4 e5 2. Nf3 Nc6 3. Bc4 Be7 4. Nc3 Nf6 5. d3 d6 6. a3 Bg4 7. h3 Bh5 8. g4
Bg6 9. Nh4 Nd4 10. Nxg6 hxg6 11. g5 Nh7 12. Nb5 Nxb5 13. Bxb5+ c6 14. Ba4 Nxg5
15. Bb3 Rh4 16. Be3 Qc7 17. Qe2 O-O-O 18. O-O-O Rdh8 19. Rdg1 Ne6 20. Bxe6+
fxe6 21. Rxg6 Bf6 22. Qf3 Qf7 23. Rg3 Kb8 24. Kb1 Qe7 25. Rhg1 d5 26. Rxg7 Bxg7
27. Bg5 Qf8 28. Qxf8+ Bxf8 29. Bxh4 Rxh4 30. Rg8 Rf4 31. h4 Kc7 0-1

[Event "Mechanics' Winter TNM; 30/90, SD/30"]
[Site "San Francisco"]
[Date "2015.01.06"]
[Round "1.12"]
[White "Casares Jr, Nick"]
[Black "Askin, Michael"]
[Result "0-1"]
[WhiteElo "1600"]
[BlackElo "2103"]
[Annotator "Donaldson"]
[PlyCount "32"]
[EventDate "2015.??.??"]

1. e4 c6 2. d4 d5 3. exd5 cxd5 4. c4 Nf6 5. c5 Nc6 6. Nf3 Bg4 7. Bf4 Bxf3 8.
gxf3 g6 9. Nc3 Bg7 10. Nb5 O-O 11. a3 Re8 12. Qd2 $2 (12. Nc7 Nxd4 13. Nxa8 e5)
12... e5 13. Be3 exd4 14. Nxd4 Nxd4 15. Qd1 (15. Qxd4 Nd7 16. Qxd5 Bxb2 17. Rb1
Bc3+ {winning}) 15... Nf5 16. Be2 d4 0-1

[Event "Mechanics' Fall TNM; G/2"]
[Site "San Francisco"]
[Date "2015.11.24"]
[Round "6.27"]
[White "Casares Jr, Nick"]
[Black "Brown, Nicholas M"]
[Result "1/2-1/2"]
[WhiteElo "1600"]
[BlackElo "1451"]
[Annotator "Donaldson"]
[PlyCount "71"]
[EventDate "2015.??.??"]

1. e4 c6 2. d4 d5 3. exd5 cxd5 4. c4 dxc4 5. Bxc4 Nf6 6. Nc3 e6 7. Nf3 Be7 8.
O-O O-O 9. Bf4 a6 10. Rc1 b5 11. Bb3 Bb7 12. Re1 Bd6 13. Bg5 Nbd7 14. d5 e5 15.
Ne4 Bb8 16. Nxf6+ Nxf6 17. Nxe5 Qd6 18. Bxf6 gxf6 19. Qg4+ Kh8 20. Nf3 Bxd5 21.
Bxd5 Qxd5 22. Rcd1 Qxa2 {Diagram #} 23. Qd4 (23. Qh4 $1 Qxb2 24. Nd4 Be5 25.
Rxe5 $1 fxe5 26. Qf6+ Kg8 27. Nf5 {mates.}) 23... Be5 24. Nxe5 fxe5 25. Qxe5+
f6 26. Qd4 Qg8 27. Re7 Rad8 28. Rd7 Rxd7 29. Qxd7 Re8 30. h3 Qe6 31. Qd4 Rc8
32. Qd2 Rg8 33. Qd6 Re8 34. Qd2 Rg8 35. Qd6 Re8 36. Qd2 1/2-1/2

[Event "Mechanics' Leighton Allen TNM; G/2"]
[Site "San Francisco"]
[Date "2015.09.08"]
[Round "6.17"]
[White "Casares Jr, Nick"]
[Black "Chen, Mingson"]
[Result "0-1"]
[WhiteElo "1600"]
[BlackElo "1900"]
[PlyCount "60"]
[EventDate "2015.??.??"]

1. e4 e6 2. d4 d5 3. Nc3 Nf6 4. e5 Nfd7 5. Be3 c5 6. f4 cxd4 7. Bxd4 Nc6 8. Bf2
f6 9. Nf3 fxe5 10. Ng5 Nf6 11. fxe5 Nxe5 12. Bg3 Nf7 13. Bb5+ Bd7 14. Nxe6 Qe7
15. O-O Qxe6 16. Re1 Bc5+ 17. Kh1 Ne4 18. Nxe4 dxe4 19. Rxe4 Qxe4 20. Qxd7+ Kf8
21. Rf1 Qe7 22. Qd5 Rc8 23. Bc4 Bf2 24. Rxf2 Rxc4 25. Rxf7+ Qxf7 26. Qd8+ Qe8
27. Qd6+ Kf7 28. Qd5+ Qe6 29. Qf3+ Kg6 30. h4 h6 0-1

[Event "Mechanics' Leighton Allen TNM; G/2"]
[Site "San Francisco"]
[Date "2015.08.04"]
[Round "1.8"]
[White "Casares Jr, Nick"]
[Black "Doyle, Bryon"]
[Result "0-1"]
[WhiteElo "1600"]
[BlackElo "2164"]
[PlyCount "40"]
[EventDate "2015.??.??"]

1. e4 e5 2. Nf3 Nc6 3. Bc4 Nf6 4. d4 exd4 5. Bg5 Be7 6. e5 Ng4 7. Bf4 d5 8.
exd6 Bxd6 9. Bg5 Be7 10. Qd2 Bxg5 11. Nxg5 Qe7+ 12. Kd1 O-O 13. Re1 Qf6 14. f4
Ne3+ 15. Rxe3 dxe3 16. Qxe3 Bg4+ 17. Kc1 Rad8 18. Nc3 Qd4 19. Bxf7+ Rxf7 20.
Qe1 Qxf4+ 0-1

[Event "Mechanics' Fall TNM; G/2"]
[Site "San Francisco"]
[Date "2015.10.27"]
[Round "2.36"]
[White "Casares Jr, Nick"]
[Black "Erdenebileg, Enkhj"]
[Result "1-0"]
[WhiteElo "1600"]
[BlackElo "814"]
[Annotator "Donaldson"]
[PlyCount "41"]
[EventDate "2015.??.??"]

1. e4 e5 2. Nf3 Nc6 3. Bc4 Bc5 4. b4 Bxb4 5. c3 Ba5 6. d4 d6 7. Qb3 Qd7 8. O-O
b6 $2 (8... Bb6) 9. Bb5 Bb7 $4 (9... a6) 10. d5 Nf6 11. dxc6 Bxc6 12. Bxc6 Qxc6
13. Bb2 Qxe4 14. Nbd2 Qd5 15. Nc4 O-O 16. Rad1 Qc6 17. Rfe1 e4 18. Nd4 Qb7 19.
Nxa5 Qd5 20. Qxd5 Nxd5 21. Ndc6 1-0

[Event "Mechanics' Summer TNM; G/2"]
[Site "San Francisco"]
[Date "2015.07.14"]
[Round "8.27"]
[White "Casares Jr, Nick"]
[Black "Hack, Richard"]
[Result "0-1"]
[WhiteElo "1600"]
[BlackElo "1699"]
[PlyCount "78"]
[EventDate "2015.??.??"]

1. e4 e5 2. Nf3 Nc6 3. d4 exd4 4. Bc4 Bc5 5. c3 d6 6. cxd4 Bb6 7. Ng5 Nh6 8.
Nf3 Ng4 9. h3 Nf6 10. Bg5 h6 11. Bh4 g5 12. Nxg5 hxg5 13. Bxg5 Rg8 14. h4 Nxd4
15. Nc3 c6 16. Qd2 Be6 17. Be2 Qe7 18. O-O-O O-O-O 19. f4 Nxe2+ 20. Qxe2 Rxg5
21. hxg5 Ng4 22. Nd5 cxd5 23. exd5 Be3+ 24. Kb1 Bf5+ 25. Ka1 Nf2 26. Rc1+ Kb8
27. Rhe1 Nd3 28. Qf3 Nxe1 29. Rxe1 Re8 30. g4 Bd3 31. g6 fxg6 32. f5 gxf5 33.
gxf5 Qe4 34. Qh5 Rf8 35. f6 Qf4 36. Qh3 Rxf6 37. Qd7 Rf8 38. Qe7 Rc8 39. a3 Bd4
0-1

[Event "Mechanics' Leighton Allen TNM; G/2"]
[Site "San Francisco"]
[Date "2015.09.29"]
[Round "9.24"]
[White "Casares Jr, Nick"]
[Black "Nassif, Wassim J"]
[Result "1-0"]
[WhiteElo "1600"]
[BlackElo "1217"]
[PlyCount "71"]
[EventDate "2015.??.??"]

1. e4 e5 2. Nf3 Nc6 3. Bc4 Nf6 4. d4 d5 5. exd5 Nxd5 6. O-O exd4 7. Nxd4 Nxd4
8. Qxd4 Be6 9. Nd2 Nb4 10. Qc3 Qd6 11. Nf3 O-O-O 12. Bxe6+ fxe6 13. Bg5 Rd7 14.
Ne5 Nd5 15. Qg3 Nf6 16. Nxd7 Qxg3 17. fxg3 Nxd7 18. Rae1 Bc5+ 19. Be3 Bxe3+ 20.
Rxe3 Re8 21. Rf7 Nf6 22. Rxg7 Nd5 23. Rxh7 Nb4 24. Rc3 Nd5 25. Ra3 a6 26. c4
Nb6 27. Rf3 Nd7 28. Rff7 Rd8 29. h4 e5 30. h5 e4 31. Rxd7 e3 32. Rxd8+ Kxd8 33.
Rg7 Ke8 34. h6 Kf8 35. Rg4 e2 36. Kf2 1-0

[Event "Mechanics' Summer TNM; G/2"]
[Site "San Francisco"]
[Date "2015.07.07"]
[Round "7.36"]
[White "Casares Jr, Nick"]
[Black "Otterbach, Renate"]
[Result "1-0"]
[WhiteElo "1600"]
[BlackElo "1148"]
[Annotator "Donaldson"]
[PlyCount "43"]
[EventDate "2015.??.??"]

1. e4 e6 2. d4 d5 3. Nc3 Nf6 4. Bg5 Be7 5. e5 Nfd7 6. Bxe7 Qxe7 7. Nf3 (7. f4
c5 8. Nb5) 7... c5 $4 8. Nb5 $1 O-O 9. Nc7 Nc6 10. Nxa8 f6 11. Bb5 Nxd4 12.
Bxd7 Bxd7 13. Nxd4 cxd4 14. Qxd4 fxe5 15. Qxe5 Qh4 16. O-O Bb5 17. Rfe1 Bc6 18.
Nc7 d4 19. Re2 Qg4 20. Kf1 Qxg2+ 21. Ke1 Qg1+ 22. Kd2 {
and White went on to win.} 1-0

[Event "Mechanics' Summer TNM; G/2"]
[Site "San Francisco"]
[Date "2015.06.09"]
[Round "3.17"]
[White "Casares Jr, Nick"]
[Black "Padmanabhan, Akshay"]
[Result "0-1"]
[WhiteElo "1600"]
[BlackElo "1913"]
[PlyCount "50"]
[EventDate "2015.??.??"]

1. e4 e5 2. Nf3 Nc6 3. Bc4 Bc5 4. b4 Bb6 5. c3 Nf6 6. d4 Nxe4 7. b5 Na5 8. Bd5
Nf6 9. Bg5 e4 10. Bxe4 Qe7 11. O-O O-O 12. Re1 Qd6 13. Nbd2 h6 14. Bh4 Nxe4 15.
Rxe4 Qg6 16. Ne5 Qh7 17. Qf3 f6 18. Ng4 f5 19. Rf4 c6 {Diagram [#]} 20. Ne4 $2
(20. Be7 $1 Rf7 (20... d5 21. Bxf8 fxg4 22. Qe2 $18) (20... d6) 21. Bd6 {
and bishop and rook are locked up.}) 20... Bc7 21. Ne5 d5 22. Nd2 g5 23. Qg3
Qg7 24. Bxg5 hxg5 25. Rf3 f4 0-1

[Event "Mechanics' Spring TNM; G/2"]
[Site "San Francisco"]
[Date "2015.03.31"]
[Round "3.22"]
[White "Casares Jr, Nick"]
[Black "Porlares, Teodoro"]
[Result "0-1"]
[WhiteElo "1600"]
[BlackElo "1847"]
[Annotator "Donaldson"]
[PlyCount "44"]
[EventDate "2015.??.??"]

1. e4 c6 2. d4 d5 3. exd5 cxd5 4. c4 Nf6 5. c5 Bf5 6. Bb5+ Nc6 7. b4 e6 8. Nf3
Be7 9. Ne5 Qc7 10. Qa4 Rc8 11. Bf4 Nh5 12. Nxc6 Qxf4 13. Nxa7+ Kd8 14. Qa5+ Rc7
15. O-O Qxd4 {Diagram #} 16. Nc8 $3 Bf6 17. Nd6 $1 Qf4 18. Qa8+ Ke7 19. Qxh8
Be5 20. Qe8+ Kf6 21. Qd8+ $18 Kg6 22. Qxc7 $4 Qxh2# 0-1

[Event "Mechanics' Spring TNM; G/2"]
[Site "San Francisco"]
[Date "2015.04.28"]
[Round "7.35"]
[White "Casares Jr, Nick"]
[Black "Rothman, Ivan"]
[Result "0-1"]
[WhiteElo "1600"]
[BlackElo "1397"]
[PlyCount "44"]
[EventDate "2015.??.??"]

1. e4 d5 2. exd5 Nf6 3. Nc3 Nxd5 4. Bc4 Nb6 5. Bb3 c5 6. a4 a5 7. Nf3 Bg4 8.
Bxf7+ Kxf7 9. Ne5+ Kg8 10. Qxg4 Qc8 11. Qxc8 Nxc8 12. Nd5 Na6 13. Ra3 e6 14.
Ne3 Bd6 15. Rd3 Nb4 16. Rxd6 Nxd6 17. O-O Nd5 18. f4 Nxe3 19. dxe3 Nf7 20. Nd7
Rc8 21. e4 h6 22. Bd2 Rd8 0-1

[Event "Mechanics' Fall TNM; G/2"]
[Site "San Francisco"]
[Date "2015.11.10"]
[Round "4.15"]
[White "Casares Jr, Nick"]
[Black "Smith, David"]
[Result "1-0"]
[WhiteElo "1600"]
[BlackElo "1449"]
[PlyCount "59"]
[EventDate "2015.??.??"]

1. e4 c5 2. Nf3 Nc6 3. d4 cxd4 4. Nxd4 g6 5. c4 Bg7 6. Be3 d6 7. Nc3 Nf6 8. f3
O-O 9. Be2 Be6 10. Nxe6 fxe6 11. Qd2 a6 12. g4 Ne5 13. h4 Qc7 14. b3 Kf7 15. h5
Rh8 16. h6 Bf8 17. O-O-O b5 18. cxb5 axb5 19. Kb1 b4 20. Na4 Nc6 21. Rc1 Qb7
22. Qb2 Rg8 23. Bc4 Ne5 24. Qg2 Nxc4 25. Rxc4 d5 26. Rc2 dxe4 27. f4 Nd5 28.
Qxe4 Rc8 29. Rxc8 Qxc8 30. Rc1 {score lost ...} 1-0

[Event "Mechanics' Summer TNM; G/2"]
[Site "San Francisco"]
[Date "2015.05.26"]
[Round "1.8"]
[White "Casares Jr, Nick"]
[Black "Sun, James"]
[Result "0-1"]
[WhiteElo "1600"]
[BlackElo "2081"]
[PlyCount "56"]
[EventDate "2015.??.??"]

1. e4 c5 2. Nf3 e6 3. d4 cxd4 4. Nxd4 a6 5. c4 Nf6 6. Nc3 Qc7 7. f3 Nc6 8. Be3
h5 9. h4 Ne5 10. Bf4 Nd3+ 11. Qxd3 Qxf4 12. Nce2 Bb4+ 13. Kd1 Qc7 14. Kc2 Be7
15. Rc1 d5 16. Kb1 dxe4 17. fxe4 b6 18. Nc3 Ng4 19. Nd1 Bb7 20. Be2 Qe5 21. Bf3
Rd8 22. Qe2 Rxd4 23. Nc3 Nf6 24. Rhd1 O-O 25. g4 hxg4 26. Bxg4 Rfd8 27. Bf3
R8d7 28. Qe3 Bc5 0-1

[Event "Mechanics' Leighton Allen TNM; G/2"]
[Site "San Francisco"]
[Date "2015.08.25"]
[Round "4.15"]
[White "Casares Jr, Nick"]
[Black "Vickers, Keith"]
[Result "0-1"]
[WhiteElo "1600"]
[BlackElo "2200"]
[PlyCount "80"]
[EventDate "2015.??.??"]

1. e4 Nc6 2. d4 d5 3. Bb5 e6 4. e5 Bd7 5. Nf3 $2 {Diagram #} Nxe5 6. Nxe5 Bxb5
7. a4 Ba6 8. Qh5 g6 9. Qh3 Qd6 10. c3 Bg7 11. Bf4 Qe7 12. Nd3 Bxd3 13. Qxd3 Nf6
14. Nd2 O-O 15. O-O c5 16. Nf3 Rac8 17. Ne5 Nd7 18. Nxd7 c4 19. Qh3 Qxd7 20.
Bh6 Rc6 21. f4 Ra6 22. Bxg7 Kxg7 23. Rae1 Qxa4 24. f5 exf5 25. Re7 Re6 26. Rxb7
Rfe8 27. Qg3 Qc2 28. Qc7 R6e7 29. Qxe7 Rxe7 30. Rxe7 Qxb2 31. Rd7 Qxc3 32. Rxd5
Qe3+ 33. Kh1 c3 34. Rc5 Qxd4 35. Ra5 c2 36. Raa1 f4 37. Ra2 Qd2 38. Raa1 a5 39.
Kg1 a4 40. Rf2 c1=Q+ 0-1

[Event "Mechanics' Spring TNM; G/2"]
[Site "San Francisco"]
[Date "2015.03.17"]
[Round "1.5"]
[White "Casares Jr, Nick"]
[Black "Vickers, Keith"]
[Result "0-1"]
[WhiteElo "1600"]
[BlackElo "2200"]
[Annotator "Donaldson"]
[PlyCount "64"]
[EventDate "2015.??.??"]

1. e4 d5 2. exd5 Qxd5 3. Nc3 Qd6 4. d4 Nf6 5. h3 c6 6. Nf3 Bf5 7. Bc4 h6 8. O-O
e6 9. Re1 Be7 10. Ne5 b5 11. Bb3 Nd5 12. Bxd5 exd5 13. Bf4 Qf6 14. Qf3 O-O {
Diagram [#]} 15. Nxd5 $1 cxd5 16. Qxd5 Na6 17. Nd7 $4 (17. Nc6 Bd8 18. Bd6 Be6
19. Qxb5 Bd7 (19... Nc7 20. Qc5 Re8 21. Nxd8 $18) 20. Bxf8 Bxc6 21. Qxa6 $16)
17... Bxd7 18. Qxd7 Qxf4 19. Rxe7 Nb4 20. Rae1 Nxc2 21. R7e4 Qd2 22. R1e2 Qc1+
23. Kh2 Qxb2 24. Rh4 Qc1 25. Qf5 Qg5 26. Qe4 Rae8 27. Qxe8 Qxh4 28. Qe5 Qxd4
29. Qxb5 Qd6+ 30. g3 Nd4 31. Qd3 Rd8 32. Kg2 Nxe2 0-1